| 000 | 00821 a2200277 4500 | ||
|---|---|---|---|
| 999 |
_c119591 _d119591 |
||
| 003 | BJBSDDR | ||
| 005 | 20230805181441.0 | ||
| 007 | ta | ||
| 008 | 230529s2023 sp ||||| |||| 00| 0 spa d | ||
| 020 | _a9788427051003 | ||
| 020 | _a8427051000 | ||
| 040 |
_bspa _cBJBSDDR |
||
| 041 | _aspa | ||
| 050 | 1 | 4 |
_aHN 49 _bM386d 2023 |
| 100 | 1 | _aMartín Jiménez, Cristina. | |
| 245 | 1 | 4 |
_aLos dueños del planeta : _bellos contra nosotros / _cCristina Martín Jiménez. |
| 260 |
_aBarcelona : _bEdiciones Martínez Roca, _c2023 |
||
| 300 |
_a299 páginas ; _c23 cm. |
||
| 650 | 4 |
_93548 _aElite (Ciencias sociales) |
|
| 650 | 4 |
_91318 _aPoder (Ciencias sociales) |
|
| 650 | 4 |
_917803 _aMillonarios |
|
| 650 | 4 |
_95097 _aCapitalistas y financieros |
|
| 650 | 4 |
_93265 _aPolitica mundial |
|
| 942 |
_2lcc _cBK |
||
| 946 | _irmza | ||